书目信息 |
| 题名: |
社交礼仪
|
|
| 作者: | 廖超慧 主编 | |
| 分册: | ||
| 出版信息: | 武汉 华中科技大学出版社 2007.03 |
|
| 页数: | 190页 | |
| 开本: | 23cm | |
| 丛书名: | ||
| 单 册: | ||
| 中图分类: | C912.1 | |
| 科图分类: | ||
| 主题词: | 人间交往--ren jian jiao wang--礼仪--高等学校--教材 | |
| 电子资源: | ||
| ISBN: | 978-7-5609-3978-0 | |
| 000 | 00812nam0 2200253 450 | |
| 001 | 012007796564 | |
| 005 | 20071227165404.29 | |
| 010 | @a978-7-5609-3978-0@dCNY22.50 | |
| 100 | @a20071227d2007 km y0chiy0120 ea | |
| 101 | 0 | @achi |
| 102 | @aCN@b420000 | |
| 105 | @ay a 000yy | |
| 106 | @ar | |
| 200 | 1 | @a社交礼仪@Ashe jiao li yi@f廖超慧主编@Fliao chao hui zhu bian |
| 210 | @a武汉@c华中科技大学出版社@d2007.03 | |
| 215 | @a190页@d23cm | |
| 300 | @a高等院校公共基础课 | |
| 320 | @a有书目。 | |
| 330 | @a本书内容包括:社交礼仪概述、个人礼仪、交际礼仪、求职应聘礼仪、公务礼仪、商务礼仪、涉外礼仪。 | |
| 606 | 0 | @a人间交往@Aren jian jiao wang@x礼仪@x高等学校@j教材 |
| 690 | @aC912.1@v4 | |
| 701 | 0 | @a廖超慧@Aliao chao hui@4主编 |
| 801 | 0 | @aCN@bQSSK@c20071227 |
| 905 | @b273084-86@dC912.1@eL466@f3 | |
| 社交礼仪/廖超慧主编.-武汉:华中科技大学出版社,2007.03 |
| 190页;23cm |
| 高等院校公共基础课 |
| ISBN 978-7-5609-3978-0:CNY22.50 |
| 本书内容包括:社交礼仪概述、个人礼仪、交际礼仪、求职应聘礼仪、公务礼仪、商务礼仪、涉外礼仪。 |
| ● |
| 相关链接 |
|
|
|
正题名:社交礼仪
索取号:C912.1/L466
 
预约/预借
| 序号 | 登录号 | 条形码 | 馆藏地/架位号 | 状态 | 备注 |
| 1 | 273084 | 202730848 | 社科库509/509社科库 57排1列6层/ [索取号:C912.1/L466] | 在馆 | |
| 2 | 273085 | 202730857 | 社科库509/509社科库 57排1列6层/ [索取号:C912.1/L466] | 在馆 | |
| 3 | 273086 | 202730866 | 社科库509/509社科库 57排1列6层/ [索取号:C912.1/L466] | 在馆 |